000 00330nam a22001457a 4500
020 _a978818390646
041 _aENG
100 _aKantwa .S.R
245 _aObjective Agriculture
250 _a20 th
260 _aNew Delhi
_bNew Vishal PUB
_c2014
300 _a272
650 _aCompetitive Exam
856 _uCompetitive Exam
999 _c169
_d169